Pranaamam (Record no. 72904)

MARC details
000 -LEADER
fixed length control field 00322nam a2200133Ia 4500
008 - FIXED-LENGTH DATA ELEMENTS--GENERAL INFORMATION
fixed length control field 211109s9999||||xx |||||||||||||| ||und||
082 ## - DEWEY DECIMAL CLASSIFICATION NUMBER
Classification number 0
Item number SUG-P
100 ## - MAIN ENTRY--PERSONAL NAME
Personal name Sugatha Kumari,
245 #0 - TITLE STATEMENT
Title Pranaamam
260 ## - PUBLICATION, DISTRIBUTION, ETC.
Name of publisher, distributor, etc. ST PAULS PUBLICATOINS
Place of publication, distribution, etc. Trichur
Date of publication, distribution, etc. 1977
630 ## - SUBJECT ADDED ENTRY--UNIFORM TITLE
General subdivision General Stack
942 ## - ADDED ENTRY ELEMENTS (KOHA)
Koha item type BOOK
650 ## - SUBJECT ADDED ENTRY--TOPICAL TERM
Form subdivision Generalia
Holdings
Withdrawn status Lost status Damaged status Not for loan Home library Current library Date acquired Cost, normal purchase price Total Checkouts Full call number Barcode Shelving location Date last seen Price effective from Koha item type
        SB LIBRARY SB LIBRARY 09/11/2021 0.75   0 SUG-P 00057276 GENERAL STACK 09/11/2021 09/11/2021 BOOK

Powered by Koha